000 00828nam a2200265 i 4500
001 53534
003 ES-MaACL
005 20250904063047.0
007 t|
008 021126s2002 sp |||| |aspa j
020 _a84-397-0949-8
080 _a821.134.2(861)-94"19"
100 1 _aGarcía Márquez, Gabriel,
_d1927-2014
_9242191
245 1 0 _aVivir para contarla /
_cGabriel García Márquez.
250 _a1ª ed.
260 _aBarcelona :
_bMondadori,
_c2002.
300 _a579 p. ;
_c24 cm.
490 1 _aLiteratura Mondadori ;
_v192
490 1 _aBiblioteca García Márquez
600 1 4 _aGarcía Márquez, Gabriel,
_d1927-2014
_9242191
830 0 _aLiteratura Mondadori ;
_v192
_9178630
830 0 _aBiblioteca García Márquez
_9179974
852 _aES-MaACL
_jL-26599
999 _c53534
_d53534